2024 Rap Albums (January-May) - Statistics

General Stats
  • This quiz has been taken 114 times
  • The average score is 5 of 17
Answer Stats
Hint Answer % Correct
March 22, 2024 We Don't Trust You
91%
April 12, 2024 We Still Don't Trust You
83%
February 10, 2024 Vultures
63%
January 12, 2024 American Dream
55%
March 1, 2024 Blue Lips
48%
February 16, 2024 2093
34%
April 5, 2024 Might Delete Later
33%
May 10, 2024 One Of Wun
24%
January 12, 2024 Insano
21%
May 10, 2024 Almighty So 2
13%
January 26, 2024 All Is Yellow
11%
April 5, 2024 It's Us
5%
April 26, 2024 PARTYNEXTDOOR 4
5%
March 29, 2024 Genre: Sadboy
4%
March 15, 2024 Dirty Nachos
2%
May 10, 2024 Set The Tone
2%
May 3, 2024 U Made Me A St4r
2%
No matching quizzes found
Score Distribution
Percent of People with Each Score
Percentile by Number Answered
Your Score History
You have not taken this quiz